[Event "SVK League Cup 1st"]
[Site "Tornelo INT"]
[Date "2021.04.04"]
[Round "4"]
[White "Budzak, Marcel"]
[Black "Durana, Jonas"]
[Result "1-0"]
[WhiteElo "1866"]
[BlackElo "1542"]
[PlyCount "55"]
[EventDate "2021.03.27"]
[EventType "swiss"]
[EventRounds "8"]
[EventCountry "SVK"]
[SourceTitle "EXT 2022"]
[Source "ChessBase"]
[SourceDate "2021.10.06"]
[SourceVersion "1"]
[SourceVersionDate "2021.10.06"]
[SourceQuality "1"]

1. e4 e6 2. d4 d5 3. exd5 exd5 4. Bd3 c5 5. c3 Nc6 6. Nf3 Bg4 7. Be3 cxd4 8. cxd4 Bb4+ 9. Nc3 Nf6 10. a3 Ba5 11. 0-0 0-0 12. Rc1 Bb6 13. Be2 Re8 14. Ng5 Bxe2 15. Nxe2 Ng4 16. Bf4 Qf6 17. h3 Nh6 18. Qd3 Nf5 19. g4 h6 20. gxf5 hxg5 21. Be3 Re4 22. Ng3 Rh4 23. Qd2 Bd8 24. Kg2 Nxd4 25. Rcd1 Nxf5 26. Qxd5 Qe6 27. Qxf5 Qxf5 28. Nxf5 1-0

[Event "SVK-chT1E 1516"]
[Site "Slovakia"]
[Date "2016.01.23"]
[Round "7.8"]
[White "Budzak, Marcel"]
[Black "Nadzamova, Sofia"]
[Result "1-0"]
[WhiteElo "1856"]
[BlackElo "1769"]
[PlyCount "97"]
[EventDate "2015.10.24"]
[EventType "team-tourn"]
[EventRounds "11"]
[EventCountry "SVK"]
[SourceTitle "CBM 170 Extra"]
[Source "ChessBase"]
[SourceDate "2016.02.25"]
[SourceVersion "1"]
[SourceVersionDate "2016.02.25"]
[SourceQuality "1"]
[WhiteTeam "Kezmarok"]
[BlackTeam "Margecany"]
[WhiteTeamCountry "SVK"]
[BlackTeamCountry "SVK"]

1. d4 d5 2. Nf3 Bg4 3. e3 e6 4. Be2 Nf6 5. 0-0 Bd6 6. Nbd2 0-0 7. c4 c5 8. b3 Nc6 9. Bb2 Rc8 10. h3 Bh5 11. dxc5 Bxc5 12. Ne5 Bxe2 13. Qxe2 d4 14. Nxc6 Rxc6 15. exd4 Bxd4 16. Bxd4 Qxd4 17. Nf3 Qb6 18. Rad1 Rd8 19. Qe5 Rcc8 20. Ng5 h6 21. Ne4 Nxe4 22. Qxe4 Qc7 23. Rd4 Rd7 24. Rfd1 Rcd8 25. b4 b6 26. f4 Qc8 27. Kf2 Qc7 28. h4 Qc8 29. Ke3 Qc7 30. Qe5 Qc6 31. Qe4 Rxd4 32. Rxd4 Qc7 33. g3 Qc8 34. Qd3 Rxd4 35. Qxd4 Qc6 36. Qd8+ Kh7 37. Qd3+ Kg8 38. a3 Qg2 39. Kd4 Qb2+ 40. Qc3 Qf2+ 41. Ke5 Qe2+ 42. Kd6 Qe4 43. Kc7 Qa8 44. Qd3 f6 45. c5 bxc5 46. bxc5 e5 47. fxe5 fxe5 48. c6 Qf8 49. Qd8 1-0

[Event "SVK-chT2D 1314"]
[Site "Slovakia"]
[Date "2014.02.01"]
[Round "7.7"]
[White "Turzak, Milan1111"]
[Black "Budzak, Marcel"]
[Result "1-0"]
[WhiteElo "1867"]
[BlackElo "1477"]
[PlyCount "67"]
[EventDate "2013.10.19"]
[EventType "team-tourn"]
[EventRounds "11"]
[EventCountry "SVK"]
[SourceTitle "EXT 2015"]
[Source "ChessBase"]
[SourceDate "2014.11.20"]
[SourceVersion "1"]
[SourceVersionDate "2014.11.20"]
[SourceQuality "1"]
[WhiteTeam "Gelnica Slovan"]
[BlackTeam "Kezmarok II"]
[WhiteTeamCountry "SVK"]
[BlackTeamCountry "SVK"]

1. e4 c6 2. d4 d5 3. Nc3 dxe4 4. Nxe4 Bf5 5. Ng3 Bg6 6. Nf3 Nd7 7. h4 h6 8. h5 Bh7 9. Bd3 Bxd3 10. Qxd3 e6 11. Bf4 Ngf6 12. Ne5 Nd5 13. Bd2 Nxe5 14. dxe5 Qb6 15. 0-0-0 0-0-0 16. Qf3 Qc7 17. Rhe1 Kb8 18. Ne4 g5 19. hxg6 fxg6 20. Nd6 Bxd6 21. exd6 Qd7 22. c4 Rdf8 23. Qg4 Nb6 24. Rxe6 Rxf2 25. Be3 Rxg2 26. Qd4 Rd8 27. Re7 Qf5 28. Rd3 Qf1+ 29. Rd1 Qxc4+ 30. Qxc4 Nxc4 31. Bxh6 g5 32. Bg7 Rh2 33. d7 Rxb2 34. Bxb2 1-0